Score 0/11 Timer 06:00
0 Plays Today
Hint Answer % Correct
HarryJames
100%
DumbledoreBrian
96.7%
VoldemortMarvolo
95.6%
DumbledorePercival
94.5%
DumbledoreWulfric
94.5%
HermioneJean
94.5%
RonBilius
91.2%
PhineasNigellus
78%
FudgeOswald
52.7%
FiggDoreen
40.7%
FleurIsabelle
34.1%
Remove Ads.
Support Sporcle.
Get the best of Sporcle when you Go Orange. This ad-free experience offers more features, more stats, and more fun while also helping to support Sporcle. Thank you for becoming a member.

You're not logged in!

Compare scores with friends on all Sporcle quizzes.
OR
Log In

Sporcle TV

Today on Sporcle TV


Watch our educational content, quiz creation guides, and fun videos on Sporcle TV.

Show Comments

Extras

Top Quizzes Today


Score Distribution

Paid Content

Your Account Isn't Verified!

In order to create a playlist on Sporcle, you need to verify the email address you used during registration. Go to your Sporcle Settings to finish the process.

Report this User

Report this user for behavior that violates our Community Guidelines.

Details: